000
00385nam a22001577a 4500
003
MPLRDC
005
20220104113515.0
008
210129b ||||| |||| 00| 0 eng d
082
_a
610.4 BY-4 v.1
100
_a
柏杨
245
_a
中国人史纲. 上册
_c
260
_a
_b
星光出版社
_c
300
_b
平
650
_a
中国通史--杂史、专史
942
_c
BK
_o
610.4 BY-4 v.1
999
_c
180
_d
170